Bilecik Bilecik Bilecik Bilecik Bilecik

İyi ve doğru yazma usûlleri/ (Record no. 45467)

MARC details
000 -BAŞLIK
Sabit Uzunluktaki Kontrol Alanı 01291nam a22004097a 4500
001 - KONTROL NUMARASI
Control Dosyası 0045498
003 - KONTROL NUMARASI KİMLİĞİ
Kontrol Alanı KOHA_MİRAKIL
005 - EN SON İŞLEM TARİHİ ve ZAMANI
Kontrol Alanı 20260207003447.0
007 - FİZİKSEL TANIM SABİT ALAN - GENEL BİLGİ
Sabit uzunluklu kontrol alanı ta
008 - SABİT UZUNLUKTAKİ VERİ ÖGELERİ - GENEL BİLGİ
Sabit Alan 140123b1975 tu |||gr||||#||||1|tur |
040 ## - KATALOGLAMA KAYNAĞI
Özgün Kataloglama Kurumu TR-BiSEU
Kataloglama Dili tur
Çeviri Kurumu TR-BiSEU
Açıklama Kuralları rda
041 0# - DİL KODU
Metin ya da ses kaydının dil kodu tur
044 ## - YAYINLAYAN/ÜRETEN KURULUŞUN ÜLKE KODU
ISO country code tu
050 ## - SINIFLAMA ve YER NUMARASI
Sınıflama Numarası PL175
Yer Numarası .T36 1975
100 1# - KİŞİ ADI
Yazar Adı (Kişi adı) Tansel, Fevziye Abdullah.
245 1# - ESER ADI BİLDİRİMİ
Başlık İyi ve doğru yazma usûlleri/
Sorumluluk Bildirimi Fevziye Abdullah Tansel ; Fevziye Abdullah Tansel.
264 #1 - ÜRERİM, YAYIN, DAĞITIM ve TELİF BİLDİRİMİ
Yayın yeri Ankara :
Yayınlayan Ötüken Yayınevi
Yayın tarihi 1975
300 ## - FİZİKSEL TANIMLAMA
Sayfa, Cilt vb. 486 sayfa ;
Boyutları 21 cm.
336 ## - İÇERİK TÜRÜ
Content type term metin
Content type code txt
Source rdacontent
337 ## - MEDYA TÜRÜ
Media type term aracısız
Media type code n
Source rdamedia
338 ## - TAŞIYICI TÜRÜ
Carrier type term cilt
Carrier type code nc
Source rdacarrier
490 1# - DİZİ BİLDİRİMİ
Dizi Bildirimi Ötüken Yayınları ;
Cilt Numarası Nu.
490 1# - DİZİ BİLDİRİMİ
Dizi Bildirimi 77.
490 1# - DİZİ BİLDİRİMİ
Dizi Bildirimi Yardımcı Ders Kitap Serisi ;
Cilt Numarası Nu.
490 1# - DİZİ BİLDİRİMİ
Dizi Bildirimi 4.
500 ## - GENEL NOT
Genel Not Kaynakça var.
500 ## - GENEL NOT
Genel Not Dizin var.
650 #0 - KONU BAŞLIĞI EK GİRİŞ - KONU TERİMİ
Konusal terim veya coğrafi ad Türk dili--Kompozisyon ve alıştırmalar.
9 (RLIN) 12724
650 #0 - KONU BAŞLIĞI EK GİRİŞ - KONU TERİMİ
Konusal terim veya coğrafi ad Turkish language--Composition and exercises.
9 (RLIN) 12727
650 #0 - KONU BAŞLIĞI EK GİRİŞ - KONU TERİMİ
Konusal terim veya coğrafi ad Türk dili--İmla.
9 (RLIN) 83859
650 #0 - KONU BAŞLIĞI EK GİRİŞ - KONU TERİMİ
Konusal terim veya coğrafi ad Turkish language--Orthography and spelling.
9 (RLIN) 46471
830 1# - SERİ EK GİRİŞİ - TEKBİÇİM ESER ADI
Tekbiçim Başlık Ötüken Yayınları ;
Volume number/sequential designation Nu.
9 (RLIN) 10154
830 1# - SERİ EK GİRİŞİ - TEKBİÇİM ESER ADI
Tekbiçim Başlık 77.
9 (RLIN) 10878
830 1# - SERİ EK GİRİŞİ - TEKBİÇİM ESER ADI
Tekbiçim Başlık Yardımcı Ders Kitap Serisi ;
Volume number/sequential designation Nu.
9 (RLIN) 83860
830 1# - SERİ EK GİRİŞİ - TEKBİÇİM ESER ADI
Tekbiçim Başlık 4.
9 (RLIN) 8177
942 ## - EK GİRİŞ ÖGELERİ (KOHA)
Source of classification or shelving scheme Library of Congress Classification
Koha item type Book
Holdings
Materyal Türü Kalıcı Konum Mevcut Konum Raf Yeri Sınıflandırma Kaynağı Edinim Bilgisi Ana Konular Alt Konular Yer Numarası Demirbaş Numarası Fatura Tarihi Geri Çekilme Durumu Kayıp Durumu Hasarlı Durumu Kredi için değil Kayıt Tarih Toplam Ödünçverme Son Görülme Tarihi Son Kontrol Tarihi Genel / Bağış Notu
Book Prof. Dr. Azmi Özcan Kütüphanesi Prof. Dr. Azmi Özcan Kütüphanesi Birûni Salonu Library of Congress Classification Bağış DİL VE EDEBİYAT Doğu Asya, Afrika, Okyanusya Dilleri ve Edebiyatları PL175 .T36 1975 0045498 02/02/2026         23/01/2014 1 05/12/2024 05/12/2024 Genel Bağış